书目信息 |
| 题名: |
大力加强和改进新形势下党的建设
|
|
| 作者: | 《大力加强和改进新形势下党的建设》编写组 编 | |
| 分册: | ||
| 出版信息: | 北京 研究出版社 2009.09 |
|
| 页数: | 225页 | |
| 开本: | 20cm | |
| 丛书名: | ||
| 单 册: | ||
| 中图分类: | D229 | |
| 科图分类: | ||
| 主题词: | 中国共产党 | |
| 电子资源: | ||
| ISBN: | 978-7-80168-518-6 | |
| 000 | 00793nam0 2200193 450 | |
| 001 | 1441280650 | |
| 005 | 20221108144052.90 | |
| 010 | @a978-7-80168-518-6@dCNY25.00 | |
| 100 | @a20140226d2009 km y0chiy0120 ea | |
| 101 | 0 | @achi |
| 102 | @aCN@b110000 | |
| 200 | 1 | @a大力加强和改进新形势下党的建设@Ada li jia qiang he gai jin xin xing shi xia dang de jian she@f《大力加强和改进新形势下党的建设》编写组编@F《da li jia qiang he gai jin xin xing shi xia dang de jian she》bian xie zu bian |
| 210 | @a北京@c研究出版社@d2009.09 | |
| 215 | @a225页@d20cm | |
| 606 | 0 | @a中国共产党 |
| 690 | @aD229@v4 | |
| 701 | 0 | @a《大力加强和改进新形势下党的建设》编写组@A《da li jia qiang he gai jin xin xing shi xia dang de jian she》bian xie zu@4编 |
| 801 | 0 | @aCN@b河南城建学院图书馆@c20141231 |
| 905 | @dD229@eD029 | |
| 大力加强和改进新形势下党的建设/《大力加强和改进新形势下党的建设》编写组编.-北京:研究出版社,2009.09 |
| 225页;20cm |
| ISBN 978-7-80168-518-6:CNY25.00 |
| ● |
| 相关链接 |
|
|
|
正题名:大力加强和改进新形势下党的建设
索取号:D229/D029
 
预约/预借
| 序号 | 登录号 | 条形码 | 馆藏地/架位号 | 状态 | 备注 |
| 1 | 1452735 | 214527350 | 社科库509/509社科库 68排8列1层/ [索取号:D229/D029] | 在馆 | |
| 2 | 1505598 | 215055981 | 社科库509/509社科库 68排8列1层/ [索取号:D229/D029] | 在馆 | |
| 3 | 492707 | 204927071 | 社科库509/509社科库 68排8列1层/ [索取号:D229/D029] | 在馆 | |
| 4 | 495382 | 204953826 | 社科库509/509社科库 68排8列1层/ [索取号:D229/D029] | 在馆 |